| 000 | 00693cam a2200229 a 4500 | ||
|---|---|---|---|
| 001 | 000009816 | ||
| 005 | 20200929161721.0 | ||
| 008 | 810714s1982 sp 001 p spa | ||
| 020 | _a843223852X | ||
| 035 | _a(DLC) 81160920 | ||
| 040 |
_aDO-SdBNP _cDLC _dDLC |
||
| 082 |
_a861.6 _bR788p |
||
| 100 | 1 |
_aRosales, Luis, _q(Luis Rosales Camacho), _d1910-1992. _924722 |
|
| 245 | 1 | 0 |
_aPoesía reunida (1935-1974) / _cLuis Rosales. |
| 260 |
_aBarcelona : _bSeix Barral, _c1982. |
||
| 300 |
_a445 p. ; _c20 cm. |
||
| 490 | 1 | _aSerie Mayor | |
| 650 | 4 |
_aPoesía española _9631 |
|
| 650 | 4 |
_aLiteratura española _ySIGLO XX _93326 |
|
| 830 | 0 |
_aSerie Mayor ; _924723 |
|
| 910 | _aCatalogación derivada | ||
| 999 |
_c9575 _d9575 |
||